Bài tập lập trình ngôn ngữ C : Giáo trình cho các trường đại học /
Αποθηκεύτηκε σε:
| Κύριος συγγραφέας: | |
|---|---|
| Άλλοι συγγραφείς: | |
| Μορφή: | Sách giấy |
| Γλώσσα: | Vietnamese |
| Έκδοση: |
H. :
Khoa học và Kỹ thuật,
2007.
|
| Έκδοση: | In lần thứ 5, có bổ sung và sửa chữa. |
| Θέματα: | |
| Ετικέτες: |
Προσθήκη ετικέτας
Δεν υπάρχουν, Καταχωρήστε ετικέτα πρώτοι!
|
| Thư viện lưu trữ: | Thư viện Trường Đại học Đà Lạt |
|---|
| LEADER | 00901nam a2200313 4500 | ||
|---|---|---|---|
| 001 | DLU090065281 | ||
| 005 | ##20090319 | ||
| 040 | # | # | |a DLU |b vie |
| 041 | # | # | |a vie |
| 044 | # | # | |a vn |
| 082 | # | # | |a 005.133 |b NG-T |
| 100 | # | # | |a Nguyễn Thanh Thuỷ. |
| 245 | # | # | |a Bài tập lập trình ngôn ngữ C : |b Giáo trình cho các trường đại học / |c Nguyễn Thanh Thuỷ, Nguyễn Quang Huy. |
| 250 | # | # | |a In lần thứ 5, có bổ sung và sửa chữa. |
| 260 | # | # | |a H. : |b Khoa học và Kỹ thuật, |c 2007. |
| 300 | # | # | |a 267 tr. ; |c 24 cm. |
| 650 | # | # | |a C (Ngôn ngữ chương trình máy tính) |v Giáo trình. |
| 700 | # | # | |a Nguyễn Quang Huy. |
| 923 | # | # | |a 22/2008 |
| 991 | # | # | |a GT |
| 992 | # | # | |a 38000 |
| 994 | # | # | |a DLU |
| 900 | # | # | |a True |
| 911 | # | # | |a Đào Thị Thu Huyền |
| 925 | # | # | |a G |
| 926 | # | # | |a A |
| 927 | # | # | |a SH |
| 980 | # | # | |a Thư viện Trường Đại học Đà Lạt |